00293nam a22001097a 4500008004100000020001500041082001500056100001400071245004600085260004300131300000900174230619b xxu||||| |||| 00| 0 eng d a0042940826 a294.5bDAV cH.T. Dave aLife and Philosophy of Shree Swaminarayan aLondonbGeorge Allen & Unwin Ltdc1974 a274p